[Event "Abe Yanofsky mem"]
[Site "Winnipeg CAN"]
[Date "2007.09.01"]
[Round "2"]
[White "Lipnowski, Samuel"]
[Black "Repa, Jason"]
[Result "1-0"]
[WhiteElo "2281"]
[BlackElo "2019"]
[PlyCount "41"]
[GameId "2160767910579478"]
[EventDate "2007.09.01"]
[EventType "swiss"]
[EventRounds "5"]
[EventCountry "CAN"]
[SourceTitle "EXT 2022"]
[Source "ChessBase"]
[SourceDate "2021.10.06"]
[SourceVersion "1"]
[SourceVersionDate "2021.10.06"]
[SourceQuality "1"]

1. e4 e6 2. d4 d5 3. Nd2 c5 4. Ngf3 Nc6 5. exd5 Qxd5 6. Bc4 Qd8 7. dxc5 Bxc5 8. O-O Nf6 9. c3 O-O 10. Qe2 a6 11. Ne4 Be7 12. Nxf6+ Bxf6 13. Bf4 b5 14. Rad1 Qb6 15. Bd3 Bb7 16. Ng5 g6 17. Nxh7 Kxh7 18. Qh5+ Kg8 19. Bxg6 fxg6 20. Qxg6+ Bg7 21. Rd7 1-0

[Event "Abe Yanofsky mem"]
[Site "Winnipeg CAN"]
[Date "2007.09.01"]
[Round "2"]
[White "Melamedoff, Gustavo"]
[Black "Vincent, Trevor"]
[Result "1-0"]
[WhiteElo "1975"]
[BlackElo "2175"]
[PlyCount "155"]
[GameId "2160767910579479"]
[EventDate "2007.09.01"]
[EventType "swiss"]
[EventRounds "5"]
[EventCountry "CAN"]
[SourceTitle "EXT 2022"]
[Source "ChessBase"]
[SourceDate "2021.10.06"]
[SourceVersion "1"]
[SourceVersionDate "2021.10.06"]
[SourceQuality "1"]

1. e4 c5 2. Nc3 Nc6 3. f4 g6 4. Nf3 Bg7 5. Bb5 Nd4 6. O-O Nxb5 7. Nxb5 d5 8. exd5 a6 9. Nc3 Nf6 10. d3 Nxd5 11. Bd2 Nc7 12. Qe2 O-O 13. Rae1 Ne6 14. Kh1 Nd4 15. Nxd4 cxd4 16. Ne4 Qb6 17. Bc1 Bd7 18. c4 dxc3 19. bxc3 Bc6 20. Be3 Qa5 21. c4 Rad8 22. Rb1 Qf5 23. Bb6 Rxd3 24. Qxd3 Bxe4 25. Qb3 Bxb1 26. Qxb1 Qe6 27. c5 Qc4 28. f5 Bf6 29. fxg6 hxg6 30. Rc1 Qf4 31. Rf1 Qe5 32. Re1 Qg5 33. Qe4 Qd2 34. Qe2 Qxe2 35. Rxe2 Re8 36. Rd2 e5 37. Rd6 Bg5 38. Kg1 Be3+ 39. Kf1 Re7 40. Ke2 Bg1 41. h3 Kg7 42. Bd8 Re6 43. Rxe6 fxe6 44. Bb6 e4 45. a4 Kf6 46. a5 Bh2 47. Ke3 Kf5 48. g4+ Kg5 49. Bd8+ Kh6 50. Kxe4 g5 51. h4 gxh4 52. Bxh4 Bc7 53. Be1 Kg5 54. Kf3 Kg6 55. Bd2 Be5 56. Ke4 Bg7 57. Kd3 Kf7 58. Kc4 Ke7 59. g5 e5 60. Kd5 e4 61. Kxe4 Ke6 62. Bf4 Bc3 63. Bc7 Bg7 64. g6 Bc3 65. Kd3 Bg7 66. Kc4 Bf8 67. Bd6 Bg7 68. Bg3 Bf8 69. Bf2 Kf6 70. Kd5 Kxg6 71. Ke6 Bh6 72. Be1 Be3 73. Bb4 Bf4 74. Kd7 Kf7 75. Kc8 Ke8 76. Kxb7 Kd7 77. c6+ Kd8 78. Bc5 1-0

[Event "Abe Yanofsky mem"]
[Site "Winnipeg CAN"]
[Date "2007.09.01"]
[Round "2"]
[White "Oberton, Daniel"]
[Black "Thompson, Brian"]
[Result "1-0"]
[WhiteElo "2011"]
[BlackElo "1892"]
[PlyCount "111"]
[GameId "2160767910579480"]
[EventDate "2007.09.01"]
[EventType "swiss"]
[EventRounds "5"]
[EventCountry "CAN"]
[SourceTitle "EXT 2022"]
[Source "ChessBase"]
[SourceDate "2021.10.06"]
[SourceVersion "1"]
[SourceVersionDate "2021.10.06"]
[SourceQuality "1"]

1. e4 e6 2. Nf3 d5 3. e5 c5 4. b4 Qb6 5. bxc5 Bxc5 6. d4 Be7 7. c3 Nc6 8. Bd3 Bd7 9. O-O f6 10. exf6 Nxf6 11. Re1 O-O 12. Ng5 Nd8 13. Qc2 h6 14. Nf3 Nf7 15. Nbd2 Bd6 16. Nh4 Qc7 17. h3 e5 18. dxe5 Nxe5 19. Bf5 Rae8 20. Bb2 Nc4 21. Nxc4 dxc4 22. Ng6 Rxe1+ 23. Rxe1 Re8 24. Rxe8+ Bxe8 25. Qe2 b5 26. Bc1 Bxg6 27. Bxg6 Qe7 28. Qxe7 Bxe7 29. Bd2 Ba3 30. Bf5 Bb2 31. Kf1 Kf7 32. Ke2 Nd5 33. Bd7 a6 34. Bc8 Nxc3+ 35. Bxc3 Bxc3 36. Bxa6 Bb4 37. Bxb5 c3 38. Kd3 Kf6 39. Ba4 Ke5 40. Kc4 Ba5 41. Bc2 g5 42. Kb5 Bc7 43. a4 Kd4 44. a5 Bd6 45. a6 Bc5 46. Kc6 Kc4 47. Kb7 Bxf2 48. a7 Bxa7 49. Kxa7 Kd4 50. Kb6 Ke3 51. Kc5 Kf2 52. Be4 c2 53. Bxc2 Kxg2 54. Bf5 h5 55. Kd4 g4 56. Bxg4 1-0

[Event "Abe Yanofsky mem"]
[Site "Winnipeg CAN"]
[Date "2007.09.01"]
[Round "2"]
[White "Silva, T Romero"]
[Black "Schulz, Waldemar"]
[Result "0-1"]
[WhiteElo "1776"]
[BlackElo "2052"]
[PlyCount "78"]
[GameId "2160767910579481"]
[EventDate "2007.09.01"]
[EventType "swiss"]
[EventRounds "5"]
[EventCountry "CAN"]
[SourceTitle "EXT 2022"]
[Source "ChessBase"]
[SourceDate "2021.10.06"]
[SourceVersion "1"]
[SourceVersionDate "2021.10.06"]
[SourceQuality "1"]

1. c4 Nf6 2. Nf3 e6 3. a3 Be7 4. g3 b6 5. d4 Bb7 6. Bg2 O-O 7. O-O Re8 8. Nc3 d5 9. cxd5 exd5 10. Qc2 Nbd7 11. Rd1 Nf8 12. Ne5 Ne6 13. e3 c6 14. Bh3 Qd6 15. Bf5 g6 16. Bd3 Rac8 17. Be2 c5 18. h4 cxd4 19. Nxf7 Kxf7 20. exd4 Ne4 21. Qd3 Kg8 22. Nb5 Qb8 23. Bg4 Rc6 24. Qb3 Rd8 25. Bh6 a6 26. Rac1 axb5 27. Rxc6 Bxc6 28. Bxe6+ Kh8 29. Rc1 Qd6 30. Bh3 g5 31. hxg5 Nxg5 32. Bxg5 Bxg5 33. Rc3 Bf6 34. Qc2 Bxd4 35. Rxc6 Qxg3+ 36. Bg2 Rg8 37. Kf1 Qxg2+ 38. Ke1 Qg1+ 39. Ke2 Qxf2+ 0-1

[Event "Abe Yanofsky mem"]
[Site "Winnipeg CAN"]
[Date "2007.09.01"]
[Round "2"]
[White "Tang, Edward"]
[Black "Van Wyk, Joseph"]
[Result "1-0"]
[WhiteElo "2057"]
[BlackElo "1913"]
[PlyCount "35"]
[GameId "2160767910579482"]
[EventDate "2007.09.01"]
[EventType "swiss"]
[EventRounds "5"]
[EventCountry "CAN"]
[SourceTitle "EXT 2022"]
[Source "ChessBase"]
[SourceDate "2021.10.06"]
[SourceVersion "1"]
[SourceVersionDate "2021.10.06"]
[SourceQuality "1"]

1. e4 c6 2. d4 d5 3. exd5 cxd5 4. c4 e6 5. Nc3 Nf6 6. Nf3 Nc6 7. a3 a6 8. Bd3 g6 9. O-O Bg7 10. cxd5 Nxd5 11. Bg5 Qb6 12. Be4 Qxb2 13. Na4 Qb5 14. Bxd5 exd5 15. Rb1 Qa5 16. Nb6 Rb8 17. Bf4 O-O 18. Rb3 1-0

[Event "Abe Yanofsky mem"]
[Site "Winnipeg CAN"]
[Date "2007.09.01"]
[Round "3"]
[White "Booth, Kevin"]
[Black "Lauritson, Jim"]
[Result "0-1"]
[WhiteElo "1861"]
[BlackElo "1953"]
[PlyCount "50"]
[GameId "2160767910579483"]
[EventDate "2007.09.01"]
[EventType "swiss"]
[EventRounds "5"]
[EventCountry "CAN"]
[SourceTitle "EXT 2022"]
[Source "ChessBase"]
[SourceDate "2021.10.06"]
[SourceVersion "1"]
[SourceVersionDate "2021.10.06"]
[SourceQuality "1"]

1. d4 Nf6 2. c4 e6 3. g3 d5 4. Bg2 c6 5. cxd5 exd5 6. Nf3 Bd6 7. O-O O-O 8. Nc3 h6 9. Re1 Bf5 10. b3 Nbd7 11. Bb2 Re8 12. Rc1 Ne4 13. Nxe4 Bxe4 14. Nd2 Bxg2 15. Kxg2 Nf6 16. Qc2 Qd7 17. e4 Bb4 18. exd5 Qxd5+ 19. Kg1 Qh5 20. Rxe8+ Rxe8 21. Bc3 Ba3 22. Bb2 Bxb2 23. Qxb2 Re2 24. Rc2 Qf5 25. f3 Qh3 0-1

[Event "Abe Yanofsky mem"]
[Site "Winnipeg CAN"]
[Date "2007.09.01"]
[Round "3"]
[White "Boron, Anthony"]
[Black "Curtis, Rory"]
[Result "1-0"]
[WhiteElo "1973"]
[BlackElo "1674"]
[PlyCount "123"]
[GameId "2160767910579484"]
[EventDate "2007.09.01"]
[EventType "swiss"]
[EventRounds "5"]
[EventCountry "CAN"]
[SourceTitle "EXT 2022"]
[Source "ChessBase"]
[SourceDate "2021.10.06"]
[SourceVersion "1"]
[SourceVersionDate "2021.10.06"]
[SourceQuality "1"]

1. Nf3 d5 2. b3 Nf6 3. Bb2 Bf5 4. g3 e6 5. Bg2 h6 6. O-O Be7 7. d3 O-O 8. Nbd2 Nbd7 9. c4 c6 10. Re1 Nc5 11. b4 Na6 12. a3 Rc8 13. Rc1 b6 14. Qa4 Nb8 15. Qxa7 Nbd7 16. Qa4 c5 17. b5 d4 18. Qd1 Bd6 19. a4 Bc7 20. Nb3 e5 21. Nh4 Bh7 22. Ba3 g5 23. Nf3 e4 24. Nfxd4 cxd4 25. Bxf8 Qxf8 26. Nxd4 exd3 27. exd3 Nc5 28. Nc6 Re8 29. Rxe8 Qxe8 30. d4 Nd3 31. Rc3 Qe1+ 32. Qxe1 Nxe1 33. Ne7+ Kf8 34. Nd5 Nxd5 35. cxd5 Bd6 36. Rc6 Ke7 37. Rxb6 Nxg2 38. Kxg2 Be4+ 39. f3 Bxd5 40. Ra6 Kd7 41. Kf2 Bb7 42. Rb6 Kc7 43. a5 Bb4 44. Rf6 Bxa5 45. Rxf7+ Kb6 46. Rh7 Bd5 47. Rxh6+ Kxb5 48. Rh5 Bb6 49. Rxg5 Bxd4+ 50. Kg2 Kc5 51. h4 Kd6 52. g4 Bf6 53. Rg6 Ke7 54. g5 Bc3 55. Ra6 Bd2 56. g6 Bh6 57. Kg3 Be6 58. f4 Bf5 59. Kf3 Kf8 60. Rf6+ Kg7 61. Rxf5 Kxg6 62. Rb5 1-0

[Event "Abe Yanofsky mem"]
[Site "Winnipeg CAN"]
[Date "2007.09.01"]
[Round "3"]
[White "Cleto, Sam"]
[Black "Clark, Jeff"]
[Result "1-0"]
[WhiteElo "1900"]
[BlackElo "1833"]
[PlyCount "87"]
[GameId "2160767910579485"]
[EventDate "2007.09.01"]
[EventType "swiss"]
[EventRounds "5"]
[EventCountry "CAN"]
[SourceTitle "EXT 2022"]
[Source "ChessBase"]
[SourceDate "2021.10.06"]
[SourceVersion "1"]
[SourceVersionDate "2021.10.06"]
[SourceQuality "1"]

1. d4 Nf6 2. c4 e6 3. Nc3 Bb4 4. Qc2 O-O 5. a3 Bxc3+ 6. Qxc3 d6 7. Bg5 Nbd7 8. Nf3 b6 9. Nd2 Bb7 10. f3 Qe7 11. e3 Rae8 12. Be2 e5 13. d5 h6 14. Bh4 g5 15. Bf2 Nh7 16. O-O f5 17. b4 Nhf6 18. a4 Qg7 19. b5 Kh8 20. a5 Rg8 21. axb6 axb6 22. Ra7 Nc5 23. Kh1 f4 24. e4 Bc8 25. Bxc5 dxc5 26. d6 g4 27. Rxc7 Qg5 28. Re7 Rxe7 29. dxe7 gxf3 30. Bxf3 Ng4 31. Bxg4 Bxg4 32. Rf2 Re8 33. h3 Bh5 34. g4 Bg6 35. Kg1 Rxe7 36. Nf3 Qf6 37. Qd3 Kg7 38. Rd2 Bf7 39. g5 Qe6 40. Nh4 Ra7 41. gxh6+ Kxh6 42. Nf5+ Kh7 43. Qd8 Ra1+ 44. Kh2 1-0

[Event "Abe Yanofsky mem"]
[Site "Winnipeg CAN"]
[Date "2007.09.01"]
[Round "3"]
[White "Gentes, Kevin"]
[Black "Melamedoff, Gustavo"]
[Result "0-1"]
[WhiteElo "2263"]
[BlackElo "1975"]
[PlyCount "88"]
[GameId "2160767910579486"]
[EventDate "2007.09.01"]
[EventType "swiss"]
[EventRounds "5"]
[EventCountry "CAN"]
[SourceTitle "EXT 2022"]
[Source "ChessBase"]
[SourceDate "2021.10.06"]
[SourceVersion "1"]
[SourceVersionDate "2021.10.06"]
[SourceQuality "1"]

1. c4 g6 2. Nf3 Bg7 3. d4 Nf6 4. Nc3 O-O 5. e4 d6 6. Be2 e5 7. Be3 Nbd7 8. O-O c6 9. h3 Re8 10. d5 c5 11. Ne1 a6 12. a3 Rb8 13. b4 b6 14. Nd3 Rf8 15. Rb1 Ne8 16. a4 f5 17. a5 f4 18. Bd2 bxa5 19. bxc5 Rxb1 20. Qxb1 Nxc5 21. Nxc5 dxc5 22. Na4 Qh4 23. Qd3 Qe7 24. Bxa5 Bd7 25. Nb6 Nd6 26. Nxd7 Qxd7 27. Bg4 Qa4 28. Be6+ Kh8 29. Bc7 Qxc4 30. Qxc4 Nxc4 31. Rc1 Nd2 32. Rxc5 Nxe4 33. Ra5 Re8 34. Bg4 h5 35. Bd7 Re7 36. d6 Rxd7 37. Rxa6 Bf8 38. Kf1 Kg8 39. Ke2 Kf7 40. Rb6 Ke6 41. Ra6 Bxd6 42. Bb8 g5 43. Rc6 Kd5 44. Rb6 Bxb8 0-1

[Event "Abe Yanofsky mem"]
[Site "Winnipeg CAN"]
[Date "2007.09.01"]
[Round "3"]
[White "Khedkar, Jay S"]
[Black "Tang, Edward"]
[Result "1-0"]
[WhiteElo "2003"]
[BlackElo "2057"]
[PlyCount "97"]
[GameId "2160767910579487"]
[EventDate "2007.09.01"]
[EventType "swiss"]
[EventRounds "5"]
[EventCountry "CAN"]
[SourceTitle "EXT 2022"]
[Source "ChessBase"]
[SourceDate "2021.10.06"]
[SourceVersion "1"]
[SourceVersionDate "2021.10.06"]
[SourceQuality "1"]

1. e4 e5 2. f4 exf4 3. Nf3 Ne7 4. d4 d5 5. Nc3 Bg4 6. Bxf4 Nbc6 7. Bb5 Qd7 8. Qd3 Bxf3 9. Qxf3 dxe4 10. Qxe4 O-O-O 11. O-O-O Qf5 12. Bxc6 bxc6 13. Rhe1 Qxe4 14. Nxe4 Ng6 15. Bg3 f6 16. Re3 h5 17. Rc3 h4 18. Be1 Ne7 19. Rh3 Nf5 20. c3 Re8 21. g4 Rxe4 22. gxf5 Bd6 23. Bg3 Bf8 24. Kd2 Rh6 25. Bf2 Bd6 26. Rg1 Rh5 27. Rxg7 Rxf5 28. Be3 Rb5 29. Kd3 Re8 30. b3 Rh8 31. c4 Rbh5 32. c5 Bf8 33. Rf7 f5 34. Rf3 Rg8 35. R3xf5 Rxf5 36. Rxf5 Be7 37. Rf7 Kd7 38. Bf4 Ke6 39. Rh7 Rg2 40. a4 Bf6 41. Rxc7 Kf5 42. Rxc6 Kxf4 43. Rxf6+ Kg5 44. Rf8 Rxh2 45. c6 Rh3+ 46. Kc4 Rh1 47. Kd5 Rc1 48. Kd6 h3 49. Rh8 1-0

[Event "Abe Yanofsky mem"]
[Site "Winnipeg CAN"]
[Date "2007.09.01"]
[Round "3"]
[White "Liu, Weixi"]
[Black "Langner, David"]
[Result "0-1"]
[WhiteElo "1831"]
[BlackElo "2261"]
[PlyCount "46"]
[GameId "2160767910579488"]
[EventDate "2007.09.01"]
[EventType "swiss"]
[EventRounds "5"]
[EventCountry "CAN"]
[SourceTitle "EXT 2022"]
[Source "ChessBase"]
[SourceDate "2021.10.06"]
[SourceVersion "1"]
[SourceVersionDate "2021.10.06"]
[SourceQuality "1"]

1. d4 Nf6 2. c4 e6 3. Nf3 b6 4. Bg5 h6 5. Bh4 Bb4+ 6. Nbd2 Bb7 7. e3 g5 8. Bg3 g4 9. a3 gxf3 10. axb4 fxg2 11. Bxg2 Bxg2 12. Rg1 Bb7 13. Bh4 d6 14. e4 Nbd7 15. f4 e5 16. fxe5 dxe5 17. dxe5 Qe7 18. exf6 Qxb4 19. Qc2 O-O-O 20. O-O-O Nc5 21. Kb1 Rxd2 22. Qxd2 Bxe4+ 23. Kc1 Nb3# 0-1

[Event "Abe Yanofsky mem"]
[Site "Winnipeg CAN"]
[Date "2007.09.01"]
[Round "3"]
[White "Repa, Jason"]
[Black "Raihman, Igal"]
[Result "0-1"]
[WhiteElo "2019"]
[BlackElo "1782"]
[PlyCount "120"]
[GameId "2160767910579490"]
[EventDate "2007.09.01"]
[EventType "swiss"]
[EventRounds "5"]
[EventCountry "CAN"]
[SourceTitle "EXT 2022"]
[Source "ChessBase"]
[SourceDate "2021.10.06"]
[SourceVersion "1"]
[SourceVersionDate "2021.10.06"]
[SourceQuality "1"]

1. f4 Nf6 2. Nf3 d5 3. e3 e6 4. b3 Nbd7 5. Bb2 b6 6. Nc3 Bb7 7. Bd3 a6 8. a4 c5 9. O-O Qc7 10. Qe2 Bd6 11. Rae1 e5 12. fxe5 Nxe5 13. Nxe5 Bxe5 14. h3 O-O 15. Nd1 Bxb2 16. Nxb2 Qe5 17. Nd1 Rfe8 18. Rf5 Qd6 19. Ref1 Re6 20. Qf2 Rf8 21. Nb2 Qc7 22. Qe2 Ne4 23. Bxe4 Rxe4 24. Nd1 Re6 25. d3 Rg6 26. Nf2 d4 27. e4 Bc8 28. Rf3 Qe5 29. Nh1 Be6 30. Qf2 b5 31. axb5 axb5 32. Ng3 Qc7 33. Nh5 Qd7 34. Nf4 Rh6 35. Nxe6 Rxe6 36. Rf5 Qa7 37. h4 Qc7 38. Qf4 Qe7 39. g3 f6 40. Qf2 Re5 41. Ra1 Qb7 42. Qf4 Rfe8 43. Rxe5 Rxe5 44. Qf2 Qc8 45. Kg2 Qe8 46. g4 h5 47. Qf3 Qg6 48. Ra8+ Kh7 49. Kh3 Qh6 50. gxh5 Rxh5 51. Qg3 Qc1 52. Qg2 g5 53. Qf2 Rxh4+ 54. Kg3 Qe3+ 55. Qxe3 dxe3 56. Ra1 Rf4 57. Re1 Rf2 58. Rxe3 Rxc2 59. e5 Kg7 60. exf6+ Kxf6 0-1

[Event "Abe Yanofsky mem"]
[Site "Winnipeg CAN"]
[Date "2007.09.01"]
[Round "3"]
[White "Richmond, Barrie"]
[Black "Babb, Jeff"]
[Result "0-1"]
[WhiteElo "1921"]
[BlackElo "2167"]
[PlyCount "88"]
[GameId "2160767910579491"]
[EventDate "2007.09.01"]
[EventType "swiss"]
[EventRounds "5"]
[EventCountry "CAN"]
[SourceTitle "EXT 2022"]
[Source "ChessBase"]
[SourceDate "2021.10.06"]
[SourceVersion "1"]
[SourceVersionDate "2021.10.06"]
[SourceQuality "1"]

1. d4 Nf6 2. c4 c5 3. d5 b5 4. cxb5 a6 5. bxa6 g6 6. Nc3 Bxa6 7. e4 Bxf1 8. Kxf1 d6 9. h3 Bg7 10. Nge2 O-O 11. Kg1 Qb6 12. Kh2 Nbd7 13. Qc2 Rfb8 14. Rb1 Qa6 15. b3 Rb4 16. Rd1 Rab8 17. Be3 Ne5 18. Kg1 Ne8 19. f4 Nd7 20. Kh1 Nc7 21. Bd2 Nf6 22. Ng3 Rc8 23. Be3 c4 24. bxc4 Rxc4 25. Qb3 Rxc3 26. Qxc3 Nxe4 27. Qe1 Nc3 28. Rb6 Qxa2 29. Rd2 Qa5 30. Rc6 N3xd5 31. Qf2 Rb8 32. Rc1 Qa3 33. Rcc2 Rb3 34. Nf1 Rb1 35. Kh2 Rxf1 36. Qxf1 Nxe3 37. Qb1 Nxc2 38. Qb8+ Bf8 39. Rxc2 Ne6 40. Rc8 Qe3 41. f5 Qf4+ 42. Kg1 Qxf5 43. Rc1 Qe5 44. Qe8 Qe3+ 0-1

[Event "Abe Yanofsky mem"]
[Site "Winnipeg CAN"]
[Date "2007.09.01"]
[Round "3"]
[White "Schulz, Waldemar"]
[Black "Pottinger, Carl"]
[Result "1/2-1/2"]
[WhiteElo "2052"]
[BlackElo "1848"]
[PlyCount "55"]
[GameId "2160767910579492"]
[EventDate "2007.09.01"]
[EventType "swiss"]
[EventRounds "5"]
[EventCountry "CAN"]
[SourceTitle "EXT 2022"]
[Source "ChessBase"]
[SourceDate "2021.10.06"]
[SourceVersion "1"]
[SourceVersionDate "2021.10.06"]
[SourceQuality "1"]

1. d4 Nf6 2. c4 e6 3. Nf3 d5 4. Nc3 c6 5. e3 Nbd7 6. cxd5 Nxd5 7. Be2 Bd6 8. O-O O-O 9. Bd2 Qe7 10. Re1 Nxc3 11. Bxc3 e5 12. dxe5 Nxe5 13. Qd4 c5 14. Qe4 f5 15. Qc2 b6 16. Nxe5 Bxe5 17. Bf3 Bxc3 18. Qxc3 Bb7 19. Bxb7 Qxb7 20. Rad1 Rad8 21. Qe5 Qf7 22. b3 Rfe8 23. Qc3 Rd7 24. Rd3 Red8 25. Red1 Rxd3 26. Rxd3 Rxd3 27. Qxd3 g6 28. g3 1/2-1/2

[Event "Abe Yanofsky mem"]
[Site "Winnipeg CAN"]
[Date "2007.09.01"]
[Round "3"]
[White "Thompson, Brian"]
[Black "Silva, T Romero"]
[Result "1-0"]
[WhiteElo "1892"]
[BlackElo "1776"]
[PlyCount "57"]
[GameId "2160767910579493"]
[EventDate "2007.09.01"]
[EventType "swiss"]
[EventRounds "5"]
[EventCountry "CAN"]
[SourceTitle "EXT 2022"]
[Source "ChessBase"]
[SourceDate "2021.10.06"]
[SourceVersion "1"]
[SourceVersionDate "2021.10.06"]
[SourceQuality "1"]

1. e4 c5 2. b3 Nc6 3. Bb2 d5 4. exd5 Qxd5 5. Nc3 Qd8 6. Bc4 Ne5 7. Bb5+ Bd7 8. Bxd7+ Nxd7 9. Nf3 Ngf6 10. O-O e6 11. Re1 Be7 12. Ne2 O-O 13. c4 Qc7 14. Ng3 Rfd8 15. Qc2 Qf4 16. Rad1 h5 17. d4 cxd4 18. Rxd4 Qc7 19. Red1 Bc5 20. R4d2 Bb4 21. Re2 Be7 22. h3 Bc5 23. Bc3 Qxg3 24. b4 Bxf2+ 25. Rxf2 Rdc8 26. Be1 Qc7 27. Rc1 Ne5 28. Nxe5 Qxe5 29. c5 1-0

[Event "Abe Yanofsky mem"]
[Site "Winnipeg CAN"]
[Date "2007.09.01"]
[Round "3"]
[White "Van Wyk, Joseph"]
[Black "Kaptsan, Aron"]
[Result "1-0"]
[WhiteElo "1913"]
[BlackElo "2030"]
[PlyCount "95"]
[GameId "2160767910579494"]
[EventDate "2007.09.01"]
[EventType "swiss"]
[EventRounds "5"]
[EventCountry "CAN"]
[SourceTitle "EXT 2022"]
[Source "ChessBase"]
[SourceDate "2021.10.06"]
[SourceVersion "1"]
[SourceVersionDate "2021.10.06"]
[SourceQuality "1"]

1. e4 c5 2. c3 d6 3. d4 cxd4 4. cxd4 g6 5. Nf3 Bg7 6. Bc4 Nf6 7. Nc3 O-O 8. O-O Nc6 9. Re1 Bg4 10. Be3 Rc8 11. Bd3 a6 12. h3 Bxf3 13. Qxf3 Nd7 14. Ne2 e5 15. d5 Nb4 16. Bd2 Nxd3 17. Qxd3 Nc5 18. Qe3 f5 19. Nc3 Qh4 20. f3 b5 21. b4 Na4 22. Nxa4 bxa4 23. Rac1 fxe4 24. fxe4 Rxc1 25. Rxc1 g5 26. Rc6 g4 27. hxg4 Qxg4 28. Rxd6 Rf4 29. Rxa6 Rxe4 30. Ra8+ Kf7 31. Qf3+ Qxf3 32. gxf3 Rd4 33. Be1 Rxd5 34. Rxa4 Rd1 35. Kf2 Rb1 36. Bc3 Rc1 37. Ra3 Ke6 38. Ke3 Kf5 39. b5 Bh6+ 40. Ke2 Rc2+ 41. Ke1 Rc1+ 42. Ke2 Rc2+ 43. Kd3 Rf2 44. b6 Rxf3+ 45. Ke2 e4 46. Ra5+ Kg4 47. Be5 Re3+ 48. Kd1 1-0

[Event "Abe Yanofsky mem"]
[Site "Winnipeg CAN"]
[Date "2007.09.01"]
[Round "3"]
[White "Vincent, Trevor"]
[Black "Oberton, Daniel"]
[Result "1-0"]
[WhiteElo "2175"]
[BlackElo "2011"]
[PlyCount "89"]
[GameId "2160767910579495"]
[EventDate "2007.09.01"]
[EventType "swiss"]
[EventRounds "5"]
[EventCountry "CAN"]
[SourceTitle "EXT 2022"]
[Source "ChessBase"]
[SourceDate "2021.10.06"]
[SourceVersion "1"]
[SourceVersionDate "2021.10.06"]
[SourceQuality "1"]

1. c4 c5 2. g3 g6 3. Bg2 Bg7 4. Nc3 Nc6 5. a3 Nf6 6. Rb1 d6 7. b4 a6 8. Nh3 Qc7 9. Nf4 e6 10. O-O O-O 11. e3 cxb4 12. axb4 Ne5 13. d3 Bd7 14. Nfe2 Bc6 15. e4 b5 16. cxb5 Bxb5 17. Nxb5 axb5 18. h3 Nc6 19. Qb3 Ra4 20. Bd2 Nd7 21. Rfe1 Qb6 22. e5 d5 23. Be3 Qa6 24. Qc2 Nxb4 25. Qb3 Nc6 26. d4 Rb4 27. Qc2 Rxb1 28. Rxb1 b4 29. Nc1 Rc8 30. Bf1 Qb7 31. Qd2 Bf8 32. Qd3 Nb6 33. Qb5 Ra8 34. Nb3 Na7 35. Qa5 Nc4 36. Bxc4 dxc4 37. Nc5 Nc6 38. Nxb7 Rxa5 39. Nxa5 Nxa5 40. Ra1 b3 41. Rxa5 b2 42. Rb5 c3 43. d5 Ba3 44. d6 c2 45. Rxb2 1-0

[Event "Abe Yanofsky mem"]
[Site "Winnipeg CAN"]
[Date "2007.09.02"]
[Round "4"]
[White "Babb, Jeff"]
[Black "Thompson, Brian"]
[Result "1-0"]
[WhiteElo "2167"]
[BlackElo "1892"]
[PlyCount "47"]
[GameId "2160767910579496"]
[EventDate "2007.09.01"]
[EventType "swiss"]
[EventRounds "5"]
[EventCountry "CAN"]
[SourceTitle "EXT 2022"]
[Source "ChessBase"]
[SourceDate "2021.10.06"]
[SourceVersion "1"]
[SourceVersionDate "2021.10.06"]
[SourceQuality "1"]

1. c4 Nf6 2. Nc3 e6 3. Nf3 d5 4. d4 c5 5. cxd5 cxd4 6. Qa4+ Bd7 7. Qxd4 exd5 8. Nxd5 Qa5+ 9. Nc3 Nc6 10. Qd1 O-O-O 11. Bd2 Bc5 12. e3 Bg4 13. a3 Bxe3 14. fxe3 Rhe8 15. Qa4 Qb6 16. O-O-O Bf5 17. Qb5 Qa5 18. Qxa5 Nxa5 19. b4 Nb3+ 20. Kb2 Nxd2 21. Rxd2 Rxd2+ 22. Nxd2 Rxe3 23. Bc4 Ne4 24. Nd5 1-0

[Event "Abe Yanofsky mem"]
[Site "Winnipeg CAN"]
[Date "2007.09.02"]
[Round "4"]
[White "Bince, Rolando"]
[Black "Greenberg, Harley"]
[Result "0-1"]
[WhiteElo "1913"]
[BlackElo "1827"]
[PlyCount "78"]
[GameId "2160767910579497"]
[EventDate "2007.09.01"]
[EventType "swiss"]
[EventRounds "5"]
[EventCountry "CAN"]
[SourceTitle "EXT 2022"]
[Source "ChessBase"]
[SourceDate "2021.10.06"]
[SourceVersion "1"]
[SourceVersionDate "2021.10.06"]
[SourceQuality "1"]

1. e4 d6 2. d4 Nf6 3. Bd3 g6 4. c3 Bg7 5. Be3 b6 6. f3 Bb7 7. Nd2 Nbd7 8. Ne2 c5 9. Rc1 O-O 10. O-O a6 11. Ng3 b5 12. b3 Rc8 13. Bb1 Nb6 14. d5 Nfd7 15. c4 b4 16. f4 a5 17. Re1 Ra8 18. Nf3 a4 19. Qd2 Bc3 20. Qf2 Bxe1 21. Rxe1 axb3 22. axb3 Nf6 23. h3 Ra3 24. Qb2 Qa8 25. e5 Ne8 26. f5 dxe5 27. Nxe5 f6 28. fxg6 fxe5 29. gxh7+ Kh8 30. Qxe5+ Nf6 31. Bxc5 Nbd7 32. Qxe7 Nxc5 33. Nf5 Nh5 34. Qe5+ Nf6 35. Ne7 Qd8 36. g4 Ncd7 37. Ng6+ Kg7 38. Qe7+ Qxe7 39. Rxe7+ Kh6 0-1

[Event "Abe Yanofsky mem"]
[Site "Winnipeg CAN"]
[Date "2007.09.02"]
[Round "4"]
[White "Cleto, Sam"]
[Black "Repa, Jason"]
[Result "0-1"]
[WhiteElo "1900"]
[BlackElo "2019"]
[PlyCount "84"]
[GameId "2160767910579498"]
[EventDate "2007.09.01"]
[EventType "swiss"]
[EventRounds "5"]
[EventCountry "CAN"]
[SourceTitle "EXT 2022"]
[Source "ChessBase"]
[SourceDate "2021.10.06"]
[SourceVersion "1"]
[SourceVersionDate "2021.10.06"]
[SourceQuality "1"]

1. c4 Nf6 2. Nf3 e6 3. d4 b6 4. a3 Bb7 5. Nc3 Be7 6. e3 O-O 7. Bd3 d6 8. O-O Nbd7 9. Re1 e5 10. dxe5 Nxe5 11. Nxe5 dxe5 12. e4 h6 13. Qe2 Qd7 14. Be3 Rfe8 15. Rad1 c6 16. b4 Qc7 17. Qb2 Rad8 18. h3 Bc8 19. b5 Be6 20. bxc6 Rxd3 21. Rxd3 Bxc4 22. Rdd1 Qxc6 23. f3 b5 24. Rc1 Nd7 25. Nd5 Bc5 26. Qf2 Bxa3 27. Ra1 Bc5 28. Bxc5 Nxc5 29. Nb4 Qb6 30. Red1 a5 31. Na6 Qxa6 32. Qxc5 a4 33. Rd6 Qa5 34. Rc1 Rd8 35. Rcd1 Rxd6 36. Rxd6 a3 37. Qc8+ Kh7 38. Rd8 Be6 39. Rh8+ Kg6 40. Qg8 a2 41. Rh7 Qa7+ 42. Kh2 f6 0-1